| 000 | 00548nam a2200181 a 4500 | ||
|---|---|---|---|
| 005 | 20251204064008.0 | ||
| 008 | 991125 1989 mx 000 0 spa u | ||
| 020 | _a9686173846 | ||
| 035 | _aUPN01000042069 | ||
| 049 | _aCG | ||
| 050 | 4 |
_aF1316 _bN83t |
|
| 245 | 0 | 0 |
_aNuevo León : _btextos de su historia / _ccomp. Celso Garza Guajardo. |
| 260 |
_aMéxico : _bGobierno del Estado de Nuevo León : _bInstituto Mora, _c1989. |
||
| 300 | _a3 v. | ||
| 651 | 4 |
_aNuevo León _xHistoria _914952 |
|
| 700 | 1 |
_aGarza Guajardo, Celso, _ecomp. |
|
| 905 | _aLibro | ||
| 999 |
_c42069 _d42069 |
||